<?xml version="1.0" encoding="UTF-8"?>
<record
    xmlns:xsi="http://www.w3.org/2001/XMLSchema-instance"
    xsi:schemaLocation="http://www.loc.gov/MARC21/slim http://www.loc.gov/standards/marcxml/schema/MARC21slim.xsd"
    xmlns="http://www.loc.gov/MARC21/slim">

  <leader>01085nam a22002297a 4500</leader>
  <controlfield tag="005">2010083008028.0</controlfield>
  <datafield tag="010" ind1=" " ind2=" ">
    <subfield code="a">MAR-20201</subfield>
  </datafield>
  <datafield tag="020" ind1=" " ind2=" ">
    <subfield code="c">135.00</subfield>
    <subfield code="a">9788171859689</subfield>
  </datafield>
  <datafield tag="035" ind1=" " ind2=" ">
    <subfield code="a">MR-12859</subfield>
  </datafield>
  <datafield tag="037" ind1=" " ind2=" ">
    <subfield code="b">DBAD / PUB</subfield>
  </datafield>
  <datafield tag="082" ind1=" " ind2=" ">
    <subfield code="a">891.463</subfield>
  </datafield>
  <datafield tag="100" ind1=" " ind2=" ">
    <subfield code="a">&#x92C;&#x930;&#x94D;&#x935;&#x947;, &#x930;&#x93E;&#x939;&#x940; &#x905;&#x928;&#x93F;&#x932;</subfield>
    <subfield code="9">17681</subfield>
  </datafield>
  <datafield tag="245" ind1=" " ind2=" ">
    <subfield code="a">&#x906;&#x926;&#x93F;&#x92E;&#x93E;&#x92F;&#x947;&#x91A;&#x947; /</subfield>
    <subfield code="c">&#x930;&#x93E;&#x939;&#x940; &#x905;&#x928;&#x93F;&#x932; &#x92C;&#x930;&#x94D;&#x935;&#x947;</subfield>
  </datafield>
  <datafield tag="246" ind1=" " ind2=" ">
    <subfield code="a">Adimayeche</subfield>
    <subfield code="b">by Rahi Anil Berve</subfield>
  </datafield>
  <datafield tag="260" ind1=" " ind2=" ">
    <subfield code="a">&#x92E;&#x941;&#x92C;&#x902;&#x908;</subfield>
    <subfield code="b">&#x92A;&#x949;&#x92A;&#x94D;&#x92F;&#x941;&#x932;&#x930;  &#x92A;&#x94D;&#x930;&#x915;&#x93E;&#x936;&#x928;</subfield>
    <subfield code="c">2009</subfield>
  </datafield>
  <datafield tag="270" ind1=" " ind2=" ">
    <subfield code="a">301 &#x92E;&#x939;&#x93E;&#x932;&#x915;&#x94D;&#x937;&#x94D;&#x92E;&#x940; &#x91A;&#x948;&#x902;&#x92C;&#x930;&#x94D;&#x938;, 22 &#x92D;&#x941;&#x932;&#x93E;&#x92D;&#x93E;&#x908; &#x926;&#x947;&#x938;&#x93E;&#x908; &#x930;&#x94B;&#x921;</subfield>
    <subfield code="b">&#x92E;&#x941;&#x92C;&#x902;&#x908;</subfield>
    <subfield code="e">400026</subfield>
  </datafield>
  <datafield tag="300" ind1=" " ind2=" ">
    <subfield code="a">120&#x92A;&#x943;</subfield>
    <subfield code="c">21&#x938;&#x947;&#x92E;&#x940; (&#x905;&#x91C;&#x93F;&#x932;&#x94D;&#x926;)</subfield>
  </datafield>
  <datafield tag="650" ind1=" " ind2=" ">
    <subfield code="a">&#x92E;&#x930;&#x93E;&#x920;&#x940; &#x915;&#x93E;&#x926;&#x902;&#x92C;&#x930;&#x940;</subfield>
    <subfield code="9">17682</subfield>
  </datafield>
  <datafield tag="650" ind1=" " ind2=" ">
    <subfield code="a">Marathi Fiction</subfield>
    <subfield code="9">17683</subfield>
  </datafield>
  <datafield tag="942" ind1=" " ind2=" ">
    <subfield code="2">ddc</subfield>
    <subfield code="c">MR</subfield>
    <subfield code="h">891.463</subfield>
    <subfield code="m">&#x92C;&#x930;&#x94D;&#x935;&#x947;&#x930;&#x93E;</subfield>
  </datafield>
  <datafield tag="999" ind1=" " ind2=" ">
    <subfield code="c">43204</subfield>
    <subfield code="d">43204</subfield>
  </datafield>
  <datafield tag="952" ind1=" " ind2=" ">
    <subfield code="0">0</subfield>
    <subfield code="1">0</subfield>
    <subfield code="4">0</subfield>
    <subfield code="7">1</subfield>
    <subfield code="8">FIC</subfield>
    <subfield code="a">DBAD</subfield>
    <subfield code="b">DBAD</subfield>
    <subfield code="d">2010-08-31</subfield>
    <subfield code="e">DBAD / PUB</subfield>
    <subfield code="g">135.00</subfield>
    <subfield code="l">0</subfield>
    <subfield code="o">891.463 &#x92C;&#x930;&#x94D;&#x935;&#x947;&#x930;&#x93E;</subfield>
    <subfield code="p">MR-12859</subfield>
    <subfield code="r">2010-08-31 00:00:00</subfield>
    <subfield code="t">1</subfield>
    <subfield code="v">135.00</subfield>
    <subfield code="w">2010-08-31</subfield>
    <subfield code="y">MR</subfield>
  </datafield>
</record>
